| 000 | 00410ntaaa2200169 4500 | ||
|---|---|---|---|
| 003 | 01 | ||
| 005 | 20251027201904.0 | ||
| 008 | 0714s1973 ag 01 | ||
| 040 |
_aAR-BaBN _bspa _cAR-BaBN _eaacr _dRIC |
||
| 082 | _a231.0000 T24 | ||
| 100 |
_aTemple, William _9919 |
||
| 245 | _aChristian faith and life | ||
| 250 | _a1 ed. | ||
| 260 |
_aLondons : _bSCM Press Ltd., _c1931, 1963 |
||
| 300 | _a141 p. | ||
| 942 | _cBK | ||
| 999 |
_c13597 _d13597 |
||